000 00333nam a22001457a 4500
008 210602b ||||| |||| 00| 0 eng d
020 _a0444801723
041 _aeng
080 _a616.8
082 _a616.8
100 _a7
101 _aTRU
245 _aPsychoneuroendocrinology in Reproduction
_cL. Zichella
942 _2udc
_cBK
999 _c57923
_d57923